| 000 | 00354nam a22001457a 4500 | ||
|---|---|---|---|
| 003 | SGT | ||
| 082 |
_a616.0757 _bS21C |
||
| 100 | _aCHUGH, NALIN | ||
| 245 | _aSONOGRAPHIC EVALUATION OF THYROID NODULES WITH CYTOLOGICAL CORRELATION | ||
| 260 |
_aGURUGRAM _bSGT UNIVERSITY _c2021 |
||
| 300 | _a93 | ||
| 650 | _aRADIOLOGY | ||
| 653 | _aM.D | ||
| 942 |
_2ddc _cTH |
||
| 999 |
_c26552 _d26552 |
||